| 000 | 00775nam a2200241 a 4500 | ||
|---|---|---|---|
| 001 | BRL_1019 | ||
| 005 | 20190320211010.0 | ||
| 008 | 311013s1974----mx-#######---#000-0#spa-# | ||
| 041 | _aspa | ||
| 044 | _amx | ||
| 050 | 4 |
_aHC134 _b.A73 1974 |
|
| 100 | 1 |
_aArcila Farías, Eduardo _923151 |
|
| 245 | 1 | 0 |
_aReformas económicas del siglo XVIII en Nueva España _cEduardo Arcila Farías. |
| 260 |
_aMéxico _bSecretaría de Educación Pública _c1974 |
||
| 300 |
_av. _c17 cm. |
||
| 440 | 0 |
_aSepsetentas _922717 |
|
| 500 | _aAu1120 | ||
| 505 | 0 | _aContenido: v.1 Ideas económicas, comercio y régimen de comercio libre | |
| 651 | 4 |
_aMéxico _xCondiciones económicas _ySiglo XVIII _925595 |
|
| 651 | 4 |
_aMéxico _xComercio _ySiglo XVIII _925596 |
|
| 902 | _aGRL | ||
| 942 |
_2lcc _cB |
||
| 999 |
_c9831 _d9831 |
||